PRINCIPLES OF AGRONOMY (Record no. 5636)

MARC details
000 -LEADER
fixed length control field 00391nam a22001577a 4500
005 - DATE AND TIME OF LATEST TRANSACTION
control field 20171025122211.0
008 - FIXED-LENGTH DATA ELEMENTS--GENERAL INFORMATION
fixed length control field 171025b xxu||||| |||| 00| 0 eng d
020 ## - INTERNATIONAL STANDARD BOOK NUMBER
ISBN 978-93-272-6870-6
041 ## - LANGUAGE CODE
Language code of text/sound track or separate title eng
082 ## - DEWEY DECIMAL CLASSIFICATION NUMBER
Classification number 630
100 ## - MAIN ENTRY--AUTHOR NAME
Personal name REDDY, S R
245 ## - TITLE STATEMENT
Title PRINCIPLES OF AGRONOMY
Statement of responsibility, etc S R AGRONOMY
260 ## - PUBLICATION, DISTRIBUTION, ETC. (IMPRINT)
Place of publication LUDHIYANA
Name of publisher KALYANI PUBLISHERES
Year of publication 1999
300 ## - PHYSICAL DESCRIPTION
Number of Pages 763p.
942 ## - ADDED ENTRY ELEMENTS (KOHA)
Koha item type Books
Holdings
Lost status Damaged status Collection code Home library Current library Shelving location Date acquired Source of acquisition Cost, normal purchase price Full call number Accession Number Koha item type
    Reference JRU Library JRU Library SHELF-2-E 25/10/2017 PURCHASE 395.00 630 22195 Books
    AGRICULTURE JRU Library JRU Library SHELF-45-A 25/10/2017   395.00 630 22196 Books
    AGRICULTURE JRU Library JRU Library SHELF-45-A 25/10/2017   395.00 630 22197 Books
    Reference JRU Library JRU Library SHELF-2-B 25/10/2017 PURCHASE 395.00 630 22198 Books
    AGRICULTURE JRU Library JRU Library SHELF-45-A 25/10/2017   395.00 630 22199 Books